Statistics for Canadian Islands Map Quiz

Click here to take the quiz!

General Stats

  • This quiz has been taken 414 times
  • The average score is 14 of 32

Answers on the Map

Answers color-coded by a green-red scale on the quiz's map according to % correct below.
 

Answer Stats

Answer% Correct
Baffin
90%
Newfoundland
90%
Ellesmere
87%
Vancouver
86%
Prince Edward
78%
Victoria
74%
Banks
68%
Cape Breton
67%
Devon
58%
Axel Heiberg
57%
Anticosti
55%
Southampton
43%
Prince of Wales
35%
Melville
34%
Manitoulin
33%
Bylot
30%
King William
30%
Prince Charles
30%
Somerset
30%
Amund Ringnes
29%
Bathurst
29%
Akimiski
27%
Coats
27%
Cornwallis
27%
Graham
27%
Prince Patrick
27%
Ellef Ringnes
26%
Mackenzie King
26%
Stefansson
23%
Mansel
22%
Moresby
20%
Borden
17%

Score Distribution

Percentile by Number Answered

Percent of People with Each Score

Your Score History

You have not taken this quiz